| 000 | 00542nam a22001937a 4500 | ||
|---|---|---|---|
| 005 | 20240626113351.0 | ||
| 008 | 240626b |||||||| |||| 00| 0 eng d | ||
| 020 | _a9788177588835 | ||
| 082 |
_a610.28 _bCAR-I |
||
| 100 | _aCarr,Joseph J. | ||
| 245 |
_aIntroduction Biomedical Equipment Technology / _cJoseph J.Carr, John M.Brown |
||
| 250 | _a4th ed. | ||
| 260 |
_aindia : _bPearson ; _c2017 |
||
| 300 |
_a761 p. _bill; _c24 cm. |
||
| 500 | _ainclude index . | ||
| 650 | _aMedical / Equipment | ||
| 700 | _aJohn M.Brown | ||
| 999 |
_c35968 _d35968 |
||